ბათუმის შოთა რუსთაველის სახელმწიფო უნივერსიტეტის ბიბლიოთეკა

Principles of Molecular Oncology / (ბიბ.ჩანაწერი № 61770)

000 -LEADER
fixed length control field 00844nam a22002177a 4500
005 - DATE AND TIME OF LATEST TRANSACTION
control field 20240501103138.0
008 - FIXED-LENGTH DATA ELEMENTS--GENERAL INFORMATION
fixed length control field 240501s2008 enk||||| |||| 00| 0 eng d
020 ## - INTERNATIONAL STANDARD BOOK NUMBER
International Standard Book Number 9781934115251x
041 ## - LANGUAGE CODE
Language code of text/sound track or separate title eng
080 ## - UNIVERSAL DECIMAL CLASSIFICATION NUMBER
Universal Decimal Classification number 616-006 P-92
245 ## - TITLE STATEMENT
Title Principles of Molecular Oncology /
Statement of responsibility, etc. Edited by Miguel H. Bronchud, MaryAnn Foote, Giuseppe Giaccone.
250 ## - EDITION STATEMENT
Edition statement 3rd Edition
264 ## - PRODUCTION, PUBLICATION, DISTRIBUTION, MANUFACTURE, AND COPYRIGHT NOTICE
Place of production, publication, distribution, manufacture New Jersey:
Name of producer, publisher, distributor, manufacturer Humana,
Date of production, publication, distribution, manufacture, or copyright notice 2008.
300 ## - PHYSICAL DESCRIPTION
Extent 418 p.:
Other physical details ill.;
Dimensions 29 cm.
653 ## - INDEX TERM--UNCONTROLLED
keyword მოლეკულური ონკოლოგიის პრინციპები
653 ## - INDEX TERM--UNCONTROLLED
keyword მედიცინა
700 ## - ADDED ENTRY--PERSONAL NAME
Personal name Bronchud, Miguel H.
Relator term რედაქტორი
9 (RLIN) 22004
700 ## - ADDED ENTRY--PERSONAL NAME
Personal name Foote, MaryAnn
Relator term რედაქტორი
9 (RLIN) 22005
700 ## - ADDED ENTRY--PERSONAL NAME
Personal name Giaccone, Giuseppe
Relator term რედაქტორი
9 (RLIN) 22006
942 ## - ADDED ENTRY ELEMENTS (KOHA)
Source of classification or shelving scheme
Koha item type წიგნი
ეგზემპლარები
Withdrawn status Lost status Source of classification or shelving scheme Damaged status Not for loan Permanent Location Current Location Shelving location Date acquired Cost, normal purchase price Full call number Barcode Date last seen Copy number Price effective from Koha item type Public note
          ბათუმის შოთა რუსთაველის სახელმწიფო უნივერსიტეტის მთავარი ბიბლიოთეკა ბათუმის შოთა რუსთაველის სახელმწიფო უნივერსიტეტის მთავარი ბიბლიოთეკა წიგნსაცავი 2024-05-01 333.00 616-006 P-92 67938 2024-05-01 67938 2024-05-01 წიგნი 333 ლ.